000 00607nam a2200169Ia 4500
008 110201s9999 xx 000 0 und d
082 _bB4259
_aBAL 743
100 _aखाडीलकर उषा
245 _aकिशोरांच्या पत्रकथा
260 _bमॅजेस्टिक प्रकाशन
365 _b15
600 _aखाडीलकर उषा
630 _aकिशोरांच्या पत्रकथा
700 _aखाडीलकर उषा
730 _aकिशोरांच्या पत्रकथा
942 _cBOOK
999 _c830703
_d830700